|
|
|
|
| LEADER |
00000nab a2200000 a 4500 |
| 001 |
vtls000028029 |
| 003 |
SK-MaSNL |
| 005 |
20260303220108.0 |
| 008 |
111026c1978 xo 0 slo |
| 015 |
|
|
|a SNBRA19rr/mm-uuuuu
|
| 035 |
|
|
|a CL0038123
|
| 040 |
|
|
|a SNKBUCL
|b slo
|c SNKBUCL
|e AACR2
|
| 041 |
0 |
|
|a slo
|
| 044 |
|
|
|a xo
|c SK
|
| 080 |
|
|
|a 631.5
|2 1981
|
| 080 |
|
|
|a 633.1
|2 1981
|
| 100 |
1 |
|
|a Kollár, Bohumil,
|d 1928-
|4 aut
|9 39915
|
| 245 |
1 |
0 |
|a Vplyv termínu, hĺbky orby a ošetrenie oráčiny na úrodu rôznych kultivarov ozimnej pšenice po kukurici na siláž
|c Bohumil Kollár, Karol Kováč, Anton Pilát
|
| 300 |
|
|
|b Tb. 4. Res. rus., angl.
|
| 650 |
0 |
7 |
|a agrotechnika
|2 SNKPH
|9 680
|
| 650 |
0 |
7 |
|a ozimná pšenica
|2 SNKPH
|9 28625
|
| 655 |
|
7 |
|a články zo zborníkov
|2 SNKPH
|9 166140
|
| 700 |
1 |
|
|a Kováč, Karol
|4 aut
|9 5313
|
| 700 |
1 |
|
|a Pilát, Anton,
|d 1929-2011
|4 aut
|9 5863
|
| 773 |
0 |
|
|t Obrábanie pôdy k obilninám
|d Nitra : ÚVTIP - pobočka, 1978
|g S. 102-112
|
| 850 |
|
|
|a Slovenská národná knižnica v Martine
|a MTA001
|
| 852 |
|
|
|a SNK
|b KIS3GCP
|
| 958 |
|
7 |
|a RK
|
| 992 |
|
|
|a RZB
|
| 999 |
|
|
|c 2225113
|d 2227043
|